00345nam a2200145Ia 4500008004100000041000800041082000800049100003800057245004500095250000800140260001400148300000800162542001500170650001400185220531s9999 xx 000 0 und d aeng bRAN aRanga, Mukesh And Chandra, Ashish aTourism And Hospitality In 21 St Century a1ST bDPHc1999 a399 d20-08-2003 aGeography